Traité de zoologie. Partie I., Fasc. I., Zoologie générale /

Main Author: Perrier, Edmond
Language: French
Published: Paris : Masson, 1893
Physical Description: 411 s.
Book
Saved in:
LEADER 00622nam a22002052a 4500
001 001705888
003 CZ BrMZK
005 20190910103921.0
007 ta
008 190910s1893 fr er|||||||||||fre d
040 |a BOA001  |b cze  |e aacr2 
100 1 |a Perrier, Edmond  |4 aut 
245 1 0 |a Traité de zoologie.  |n Partie I., Fasc. I.,  |p Zoologie générale /  |c Edmond Perrier 
246 3 0 |a Zoologie générale 
260 |a Paris :  |b Masson,  |c 1893 
300 |a 411 s. 
910 |a BOA001  |b 3-0053.408,1/1 
990 |a BK 
993 |a Y 
996 6 |b 2618990970  |c 3-0053.408,1/1  |l MZK  |r Sklad / do 1 hodiny  |n 0  |w 001753434  |u 000010  |a 1  |e BOA001  |j MZK50  |s P